Non-country/foreign territory flags #3 - Statistics

General Stats
  • This quiz has been taken 69 times
  • The average score is 12 of 16
Answer Stats
Picture Answer % Correct
Aruba
100%
Bermuda
88%
Curaçao
86%
French Polynesia
86%
Cocos (Keeling) Islands
84%
Northern Mariana Islands
82%
Northern Cyprus
80%
Somaliland
80%
Wallis and Futuna
76%
British Indian Ocean Territory
75%
South Ossetia
75%
Pitcairn Islands
69%
Abkhazia
65%
Martinique
65%
French Southern and Antarctic Lands
55%
Antarctica
51%
No matching quizzes found
Score Distribution
Percent of People with Each Score
Percentile by Number Answered
Your Score History
You have not taken this quiz